Open Data Biblioteca Nacional de Portugal


República Portuguesa: Ministério da Cultura
Biblioteca Nacional de Portugal

Catálogo da BNP: acesso por Identificadores Unívocos
Registos Bibliográficos associados ao registo de autoridade

Etiqueta de registo: 00000nam 2200025 450
001 2280435
003 http://id.bnportugal.gov.pt/bib/catbnp/2280435
100 ## $a20260316d2025 k y0pory01030103ba
101 0# $apor$dspa$deng
102 ## $aPT
105 ## $aa m 000yy
106 ## $ar
200 1# $aMuseu como tecnologia social$ereflexões à luz da sociomuseologia$fNathália Pamio Luiz$gorient. Manuelina Maria Duarte Cândido, Mário Caneva de Magalhães Moutinho
210 #9 $aLisboa$c[s.n.],$d2025
215 ## $a220, LI p.$cil.$d30 cm
328 #1 $aTese dout. Museologia, Universidade Lusófona, Centro Universitário de Lisboa, 2025
675 ## $a069(043)$vBN$zpor$3543771
675 ## $a004.7(043)$vBN$zpor$3918097
675 ## $a316.42(043)$vBN$zpor$3623959
700 #1 $aLuiz,$bNathália Pamio$31991487
702 #1 $aCândido,$bManuelina Maria Duarte$4727$31502533
702 #1 $aMoutinho,$bMário Caneva,$f1946-$4727$3112131
801 #0 $aPT$bBN$gRPC
966 ## $lBN$mFGMON$sP. 72548 V.$x1
971 ## $corlando$d20260316
972 ## $e0$z0$d20260421$vasantos
973 ## $ctrodrigues$d20260416

OpendataBNP@bnportugal.pt | Mais informação sobre acesso aos dados BNP